000
00247nam a2200097Ia 4500
082
_a
J 579 WALK
245
0
_a
Microscopic life
100
_a
WALKER, Richard Boston, 2004
_9
72202
942
_c
BK
008
210817s9999 xx 000 0 und d
999
_c
235528
_d
235527